[Event "12. Süder Sommerpokal"]
[Site "Recklinghausen"]
[Date "2001.08.04"]
[Round "1"]
[White "Khenkin, Igor"]
[Black "Lutz, Jürgen"]
[Result "1-0"]
[WhiteElo "2579"]
[BlackElo "1941"]
[PlyCount "35"]
[EventDate "2001.08.04"]

1. d4 Nf6 2. c4 g6 3. Nc3 d5 4. cxd5 Nxd5 5. e4 Nxc3 6. bxc3 Bg7 7. Nf3 c5 8.
Be3 O-O 9. Rc1 Qa5 10. Qd2 Bg4 11. d5 Rd8 12. Ng5 h6 13. h3 Bd7 14. Nf3 Kh7 15.
c4 Qa3 16. Bd3 Na6 17. O-O Nb4 18. Bxc5 1-0

[Event "12. Süder Sommerpokal"]
[Site "Recklinghausen"]
[Date "2001.08.04"]
[Round "1"]
[White "Hahn, Matthias"]
[Black "Bischoff, Klaus"]
[Result "0-1"]
[WhiteElo "1932"]
[BlackElo "2541"]
[PlyCount "94"]
[EventDate "2001.08.04"]

1. d4 Nf6 2. Nf3 e6 3. g3 d5 4. c4 Be7 5. Bg2 c6 6. O-O Nbd7 7. Nbd2 a5 8. Qc2
a4 9. e4 O-O 10. Rd1 b6 11. e5 Ne8 12. Nf1 Nc7 13. Ne3 Bb7 14. h4 Re8 15. cxd5
Nxd5 16. Nxd5 cxd5 17. Bg5 h6 18. Bxe7 Qxe7 19. Rac1 Rac8 20. Qd2 Ba6 21. Bf1
Bxf1 22. Kxf1 Nf8 23. Kg2 Qd7 24. Rxc8 Rxc8 25. Rc1 Rxc1 26. Qxc1 Ng6 27. Qc3
Qb5 28. Qc8+ Nf8 29. Qc3 Qe2 30. Qb4 b5 31. Qc3 Qc4 32. a3 Ng6 33. Kh3 Ne7 34.
Nd2 Qe2 35. Kg2 Nf5 36. Qc8+ Kh7 37. Qc2 g6 38. Qc3 Kg7 39. Nf3 Qe4 40. Kh2 Qg4
41. Kg2 g5 42. hxg5 hxg5 43. Qd2 Kg6 44. Qc3 Qe4 45. Kg1 Kh5 46. Kh2 g4 47. Nh4
Qxd4 0-1

[Event "12. Süder Sommerpokal"]
[Site "Recklinghausen"]
[Date "2001.08.04"]
[Round "1"]
[White "Gofshtein, Leonid"]
[Black "Cordes, Mary Ann"]
[Result "1-0"]
[WhiteElo "2518"]
[BlackElo "1931"]
[PlyCount "61"]
[EventDate "2001.08.04"]

1. e4 e6 2. d3 d5 3. Qe2 Nf6 4. Nf3 dxe4 5. dxe4 Nc6 6. e5 Nd5 7. c3 a6 8. g3
Bc5 9. Nbd2 Bd7 10. Bg2 Qe7 11. a3 Ba7 12. O-O f6 13. Nc4 O-O-O 14. Bd2 Be8 15.
Rfe1 Bf7 16. a4 h5 17. exf6 gxf6 18. b4 e5 19. b5 Nb8 20. Ne3 Bxe3 21. Bxe3 c5
22. Nh4 a5 23. Qc2 Nxe3 24. Rxe3 Qd7 25. Nf5 Be6 26. Be4 Qc7 27. b6 Qf7 28. Rd3
Rxd3 29. Qxd3 Qd7 30. Nd6+ Kd8 31. Nxb7+ 1-0

[Event "12. Süder Sommerpokal"]
[Site "Recklinghausen"]
[Date "2001.08.04"]
[Round "1"]
[White "Reinhold, Klaus"]
[Black "Berelovich, Aleksandar"]
[Result "0-1"]
[WhiteElo "1931"]
[BlackElo "2513"]
[PlyCount "53"]
[EventDate "2001.08.04"]

1. d4 e6 2. c4 f5 3. g3 Nf6 4. Bg2 Bb4+ 5. Bd2 Bxd2+ 6. Qxd2 O-O 7. Nf3 d6 8.
O-O Nc6 9. Rd1 Qe7 10. Nc3 a5 11. b3 Ne4 12. Qc1 Nxc3 13. Qxc3 e5 14. d5 Nd8
15. c5 Nf7 16. cxd6 cxd6 17. Rac1 f4 18. Nd2 Ng5 19. Ne4 Bg4 20. Nxg5 Qxg5 21.
Qd3 Rf6 22. Bf3 Raf8 23. Rc3 fxg3 24. hxg3 Rh6 25. Qe3 Qh5 26. Bg2 Bxe2 27. f3
0-1

[Event "12. Süder Sommerpokal"]
[Site "Recklinghausen"]
[Date "2001.08.04"]
[Round "1"]
[White "Saltaev, Mihail"]
[Black "Biendara, Michael"]
[Result "1-0"]
[WhiteElo "2510"]
[BlackElo "1912"]
[PlyCount "65"]
[EventDate "2001.08.04"]

1. e4 c5 2. Nf3 Nc6 3. d4 cxd4 4. Nxd4 e5 5. Nb5 a6 6. Nd6+ Bxd6 7. Qxd6 Qe7 8.
Qd1 Nf6 9. Nc3 h6 10. a3 O-O 11. Be3 d6 12. Be2 Be6 13. O-O Ne8 14. Nd5 Bxd5
15. Qxd5 Kh8 16. Rad1 Rc8 17. c3 Nd8 18. Qd2 Ne6 19. Bg4 Rc6 20. Bf5 g5 21. h4
N8g7 22. hxg5 hxg5 23. g3 Qf6 24. Bg4 Qg6 25. f3 f5 26. exf5 Nxf5 27. Kg2 Kg7
28. Rh1 Ned4 29. Bf2 Nh6 30. Bh5 Nb3 31. Qd5 Qc2 32. Qe6 Qf5 33. Qxb3 1-0

[Event "12. Süder Sommerpokal"]
[Site "Recklinghausen"]
[Date "2001.08.04"]
[Round "1"]
[White "Blayvas, Jan"]
[Black "Rotstein, Arkadij"]
[Result "0-1"]
[WhiteElo "1912"]
[BlackElo "2499"]
[PlyCount "70"]
[EventDate "2001.08.04"]

1. c4 g6 2. Nc3 Bg7 3. e4 c5 4. g3 Nc6 5. Bg2 d6 6. Nge2 e6 7. O-O Nge7 8. Rb1
O-O 9. a3 b6 10. b4 Bb7 11. d3 Qd7 12. f4 Nd4 13. Be3 f5 14. Qd2 Rac8 15. b5
Rcd8 16. a4 d5 17. Rbd1 dxc4 18. dxc4 Qc8 19. Qa2 Qa8 20. Qb1 fxe4 21. g4 h5
22. Bxd4 cxd4 23. Nxe4 hxg4 24. a5 Qc8 25. Qd3 Nf5 26. Rc1 Ne3 27. Rf2 Nxg2 28.
Rxg2 e5 29. fxe5 Rf3 30. Qb1 d3 31. N2g3 Bxe5 32. c5 bxc5 33. Qa2+ Bd5 34. Qa4
c4 35. Nd2 Rf4 0-1

[Event "12. Süder Sommerpokal"]
[Site "Recklinghausen"]
[Date "2001.08.04"]
[Round "1"]
[White "Schebler, Gerhard"]
[Black "Wormuth, Marcus"]
[Result "1-0"]
[WhiteElo "2485"]
[BlackElo "1911"]
[PlyCount "67"]
[EventDate "2001.08.04"]

1. e4 c5 2. Nf3 d6 3. d4 cxd4 4. Nxd4 a6 5. Nc3 Nf6 6. Bc4 g6 7. f3 Bg7 8. Be3
Nc6 9. Qd2 Nxd4 10. Bxd4 O-O 11. O-O-O Be6 12. Bxe6 fxe6 13. Kb1 Rc8 14. h4 b5
15. Ne2 Qc7 16. h5 Nxh5 17. Bxg7 Nxg7 18. c3 Nh5 19. g4 Nf6 20. Qh6 Rf7 21. Nf4
b4 22. Rc1 bxc3 23. Rxc3 Qb7 24. Rxc8+ Qxc8 25. Nxg6 Qc4 26. Nxe7+ Rxe7 27.
Qxf6 Rf7 28. Qg5+ Kf8 29. Rc1 Qd3+ 30. Ka1 Re7 31. Qf6+ Ke8 32. Qh8+ Kf7 33.
Qxh7+ Kf6 34. e5+ 1-0

[Event "12. Süder Sommerpokal"]
[Site "Recklinghausen"]
[Date "2001.08.04"]
[Round "1"]
[White "Jittenmeier, Franz"]
[Black "Podzielny, Karl-Heinz"]
[Result "0-1"]
[WhiteElo "1902"]
[BlackElo "2477"]
[PlyCount "52"]
[EventDate "2001.08.04"]

1. d3 f5 2. g3 Nf6 3. Nf3 Nc6 4. Bg2 e5 5. c4 Bb4+ 6. Nfd2 a5 7. a3 Bc5 8. Nc3
d6 9. e3 O-O 10. O-O Bb6 11. Nd5 Nxd5 12. cxd5 Ne7 13. Nc4 Ba7 14. Bd2 f4 15.
b4 Ng6 16. Rc1 Qg5 17. Nxa5 Bg4 18. exf4 exf4 19. Bf3 Bxf3 20. Qxf3 Ne5 21. Qg2
Qg6 22. Bxf4 Nxd3 23. Rxc7 Rae8 24. Rxb7 Ne1 25. Qh3 Rxf4 26. Rxa7 Rh4 0-1

[Event "12. Süder Sommerpokal"]
[Site "Recklinghausen"]
[Date "2001.08.04"]
[Round "1"]
[White "Feygin, Michail"]
[Black "Montignies, Rainer"]
[Result "1-0"]
[WhiteElo "2461"]
[BlackElo "1901"]
[PlyCount "119"]
[EventDate "2001.08.04"]

1. e4 c5 2. Nf3 e6 3. b3 d6 4. Bb2 Nf6 5. Bb5+ Bd7 6. Bxd7+ Nbxd7 7. Qe2 Be7 8.
d4 cxd4 9. Bxd4 Rc8 10. O-O a6 11. Rd1 Qc7 12. c4 Ne5 13. Nbd2 O-O 14. Bb2 Rfd8
15. Nd4 Ng6 16. Rac1 b6 17. g3 Qc5 18. Kh1 Qh5 19. Qxh5 Nxh5 20. f4 Nf6 21. f5
Nf8 22. Kg2 Ng4 23. Nf1 Bf6 24. h3 Ne5 25. Ne3 g6 26. fxe6 fxe6 27. Rc2 Kf7 28.
Rcd2 Nfd7 29. Ne2 Be7 30. Bd4 g5 31. Rf1+ Kg6 32. Bxe5 dxe5 33. Ng4 Kg7 34.
Rfd1 Nc5 35. Rxd8 Rxd8 36. Rxd8 Bxd8 37. Kf3 Nd7 38. Nc1 h5 39. Ne3 Be7 40. Nd3
Kf6 41. b4 Nb8 42. c5 bxc5 43. bxc5 Nc6 44. Nc4 Bd8 45. g4 h4 46. Ke3 Bc7 47.
a3 Ke7 48. Nb4 Nxb4 49. axb4 Kd7 50. Kd3 Kc6 51. Na3 Bb8 52. Kc4 Ba7 53. Nb1
Bb8 54. Nd2 Bc7 55. Nf3 Bd8 56. Nxe5+ Kc7 57. Nf3 Kc6 58. Nd4+ Kd7 59. e5 Bc7
60. c6+ 1-0

[Event "12. Süder Sommerpokal"]
[Site "Recklinghausen"]
[Date "2001.08.04"]
[Round "1"]
[White "Manthei, Michael"]
[Black "Mainka, Romuald"]
[Result "0-1"]
[WhiteElo "1874"]
[BlackElo "2459"]
[PlyCount "76"]
[EventDate "2001.08.04"]

1. c4 e5 2. Nf3 e4 3. Nd4 Nc6 4. Nb3 Nf6 5. Nc3 Bb4 6. Qc2 Bxc3 7. dxc3 h6 8.
Bf4 d6 9. h3 Qe7 10. e3 Ne5 11. Bxe5 Qxe5 12. Rd1 O-O 13. Nd4 Re8 14. Ne2 Bf5
15. Nf4 c6 16. Be2 Rad8 17. O-O Nd7 18. Qd2 Nc5 19. Qd4 a5 20. Rd2 a4 21. Rfd1
Qe7 22. Rc2 Bh7 23. Bg4 Qg5 24. Be2 Re5 25. Qd2 Qe7 26. Bf1 h5 27. Ne2 h4 28.
Nc1 Rg5 29. b4 axb3 30. axb3 Bf5 31. Kh1 Rg6 32. Be2 Qg5 33. Bg4 Bxg4 34. hxg4
Qxg4 35. Rg1 h3 36. g3 Qf3+ 37. Kh2 Nd7 38. Qe2 Ne5 0-1

[Event "12. Süder Sommerpokal"]
[Site "Recklinghausen"]
[Date "2001.08.04"]
[Round "1"]
[White "Eismont, Oleg"]
[Black "von Beers, Rainer"]
[Result "1-0"]
[WhiteElo "2443"]
[BlackElo "1864"]
[PlyCount "59"]
[EventDate "2001.08.04"]

1. e4 c5 2. Nc3 e6 3. Nf3 Nc6 4. Bb5 Nd4 5. O-O Nxb5 6. Nxb5 Nf6 7. e5 Nd5 8.
d4 a6 9. c4 axb5 10. cxd5 exd5 11. dxc5 Bxc5 12. Qxd5 Qb6 13. Ng5 O-O 14. Ne4
Be7 15. Bg5 Bxg5 16. Nxg5 Ra4 17. Rac1 Rd4 18. Qb3 Qg6 19. f4 Rd2 20. Qc3 Rxg2+
21. Kxg2 h6 22. Qxc8 hxg5 23. f5 Qh5 24. Qxb7 Qg4+ 25. Kh1 Re8 26. Rc8 Rxc8 27.
Qxc8+ Kh7 28. Qc2 Qd4 29. e6 dxe6 30. fxe6+ 1-0

[Event "12. Süder Sommerpokal"]
[Site "Recklinghausen"]
[Date "2001.08.04"]
[Round "1"]
[White "Barskij, Aleksandr"]
[Black "Hillarp Persson, Tiger"]
[Result "0-1"]
[WhiteElo "1859"]
[BlackElo "2438"]
[PlyCount "68"]
[EventDate "2001.08.04"]

1. e4 g6 2. d4 Bg7 3. Nc3 d6 4. f4 a6 5. a4 Nc6 6. Nf3 Bg4 7. Be3 Bxf3 8. gxf3
d5 9. e5 e6 10. h4 h5 11. Qd2 Nh6 12. Bd3 Bf8 13. Na2 Ne7 14. Kf1 Nef5 15. Bf2
Be7 16. Qe1 O-O 17. Kg2 b6 18. Nb4 Qd7 19. Nxa6 Qc8 20. Qe2 c5 21. dxc5 bxc5
22. Bb5 c4 23. b4 Rxa6 24. Bxa6 Qxa6 25. c3 Rb8 26. Kh3 Kh7 27. Rhd1 Ng8 28.
Qa2 f6 29. Rg1 fxe5 30. fxe5 Ngh6 31. Rg2 Nf7 32. f4 N7h6 33. Qe2 Ng4 34. a5 d4
0-1

[Event "12. Süder Sommerpokal"]
[Site "Recklinghausen"]
[Date "2001.08.04"]
[Round "1"]
[White "Kalka, Arkadius Georg"]
[Black "Diebig, Klaus"]
[Result "1-0"]
[WhiteElo "2386"]
[BlackElo "1849"]
[PlyCount "49"]
[EventDate "2001.08.04"]

1. c4 e6 2. Nf3 d5 3. d4 Nf6 4. Nc3 c6 5. e3 Nbd7 6. Qc2 Bd6 7. Be2 O-O 8. O-O
b6 9. e4 dxe4 10. Nxe4 Nxe4 11. Qxe4 Bb7 12. Bg5 Be7 13. Bd3 g6 14. h4 Rb8 15.
Qf4 c5 16. Be4 Bxe4 17. Qxe4 cxd4 18. Qxd4 Bxg5 19. hxg5 Qe7 20. Rad1 Rfd8 21.
Qf4 Nc5 22. Ne5 Qe8 23. b4 Na6 24. Qf6 Nxb4 25. Nxf7 1-0

[Event "12. Süder Sommerpokal"]
[Site "Recklinghausen"]
[Date "2001.08.04"]
[Round "1"]
[White "Lüder, Thomas"]
[Black "Halasz, Tamas"]
[Result "0-1"]
[WhiteElo "1836"]
[BlackElo "2382"]
[PlyCount "86"]
[EventDate "2001.08.04"]

1. e4 e5 2. Bc4 Nf6 3. Qe2 Nc6 4. Nf3 Be7 5. O-O O-O 6. Nc3 d6 7. h3 Be6 8. Nd5
Bxd5 9. Bxd5 Nxd5 10. exd5 Nb4 11. Qc4 c5 12. a3 Na6 13. Qe2 Nc7 14. c4 f5 15.
d3 Bf6 16. Nh2 Qd7 17. Rb1 b5 18. b3 Rab8 19. Qc2 Rfe8 20. Re1 a5 21. Nf1 Re7
22. Bb2 Ree8 23. Bc3 b4 24. axb4 cxb4 25. Bb2 Na6 26. Ra1 Qc7 27. f4 Nc5 28.
fxe5 dxe5 29. Ne3 g6 30. Nf1 Bg7 31. Nd2 Qa7 32. Kh1 e4 33. d4 Nd3 34. c5 Nxe1
35. Rxe1 Qf7 36. Qc4 Bh6 37. Nf1 Red8 38. d6 Qxc4 39. bxc4 a4 40. d5 Bg7 41.
Rb1 Bxb2 42. Rxb2 a3 43. Rxb4 Rxb4 0-1

[Event "12. Süder Sommerpokal"]
[Site "Recklinghausen"]
[Date "2001.08.04"]
[Round "1"]
[White "Gawehns, Klaus"]
[Black "Würtele, Armin"]
[Result "1-0"]
[WhiteElo "2375"]
[BlackElo "1834"]
[PlyCount "81"]
[EventDate "2001.08.04"]

1. b3 e5 2. Bb2 Nc6 3. e3 d5 4. Bb5 Bd6 5. Nf3 Qe7 6. c4 a6 7. Bxc6+ bxc6 8. c5
Bxc5 9. Nxe5 Nf6 10. Nxc6 Qd6 11. Nd4 O-O 12. O-O Ng4 13. Nf3 Qh6 14. Ba3 Bd6
15. Bxd6 Qxd6 16. h3 Nf6 17. Qc2 Ne4 18. d3 Nf6 19. Rc1 Bf5 20. Nd4 Qe5 21.
Nxf5 Qxf5 22. Nd2 c5 23. e4 dxe4 24. Nxe4 Nxe4 25. dxe4 Qf4 26. f3 h5 27. Rd1
Rac8 28. Rd5 h4 29. Rad1 Rc6 30. Qc1 Qc7 31. Qg5 c4 32. bxc4 Rg6 33. Qxh4 Rh6
34. Rh5 Rxh5 35. Qxh5 Qxc4 36. Qd5 Qb5 37. Qxb5 axb5 38. Rb1 Ra8 39. Rxb5 Rxa2
40. h4 g6 41. h5 1-0

[Event "12. Süder Sommerpokal"]
[Site "Recklinghausen"]
[Date "2001.08.04"]
[Round "1"]
[White "Wachovius, Hans-Werner"]
[Black "Rotstein, Jefim"]
[Result "0-1"]
[WhiteElo "1824"]
[BlackElo "2364"]
[PlyCount "50"]
[EventDate "2001.08.04"]

1. d4 Nf6 2. Nf3 c5 3. e3 e6 4. Bd3 b6 5. Qe2 Be7 6. Nbd2 Nc6 7. c3 O-O 8. O-O
d6 9. e4 cxd4 10. Nxd4 Bb7 11. f4 Nd7 12. Nxc6 Bxc6 13. e5 dxe5 14. fxe5 Nxe5
15. Bxh7+ Kxh7 16. Qxe5 Qd3 17. Qh5+ Kg8 18. Re1 Rad8 19. Nf3 Bc5+ 20. Nd4 Rd5
21. Qg4 e5 22. Rd1 f5 23. Qxg7+ Kxg7 24. Rxd3 exd4 25. b4 dxc3+ 0-1

[Event "12. Süder Sommerpokal"]
[Site "Recklinghausen"]
[Date "2001.08.04"]
[Round "1"]
[White "Koscielski, Janusch"]
[Black "Steinhagen, Dietrich"]
[Result "1-0"]
[WhiteElo "2335"]
[BlackElo "1819"]
[PlyCount "71"]
[EventDate "2001.08.04"]

1. e4 c6 2. d4 d5 3. Nc3 g6 4. h3 Bg7 5. Nf3 h5 6. Bf4 dxe4 7. Nxe4 Nf6 8.
Nxf6+ Bxf6 9. Qd2 Qb6 10. O-O-O Be6 11. Kb1 Na6 12. Ng5 Bf5 13. Bc4 e6 14. Qe2
Nb4 15. Ne4 Bxe4 16. Qxe4 Nd5 17. Bxd5 cxd5 18. Qe3 Rf8 19. Rd3 Rc8 20. g4 hxg4
21. hxg4 Rc4 22. Be5 Bxe5 23. Qxe5 Qc7 24. Qe2 Qf4 25. c3 Rc8 26. Re3 Kd7 27.
Rh7 Kc6 28. Qf3 Qxf3 29. Rxf3 f5 30. g5 Rc7 31. Rxc7+ Kxc7 32. Rh3 Rf7 33. Rh8
Rg7 34. Kc2 Kd6 35. Kd3 f4 36. Ke2 1-0

[Event "12. Süder Sommerpokal"]
[Site "Recklinghausen"]
[Date "2001.08.04"]
[Round "1"]
[White "Verfürth, Christian"]
[Black "Kern, Guido"]
[Result "0-1"]
[WhiteElo "1807"]
[BlackElo "2334"]
[PlyCount "40"]
[EventDate "2001.08.04"]

1. d4 e6 2. Nf3 c5 3. e3 Nf6 4. Bd3 b6 5. O-O Bb7 6. c4 g6 7. Nc3 Bg7 8. b3 O-O
9. Bb2 d6 10. Qe2 Nc6 11. a3 Re8 12. Rfd1 cxd4 13. exd4 Na5 14. b4 Nb3 15. Rab1
Bxf3 16. Qxf3 Nxd4 17. Qg3 e5 18. Kh1 Rc8 19. Ne2 Ne6 20. Rbc1 Nh5 0-1

[Event "12. Süder Sommerpokal"]
[Site "Recklinghausen"]
[Date "2001.08.04"]
[Round "1"]
[White "Kummerow, Heiko"]
[Black "Meyer, Jürgen"]
[Result "1-0"]
[WhiteElo "2297"]
[BlackElo "1801"]
[PlyCount "127"]
[EventDate "2001.08.04"]

1. e4 e6 2. d4 d5 3. Nd2 b6 4. c3 a5 5. Bb5+ c6 6. Ba4 Bd7 7. Bc2 c5 8. Ne2 Nc6
9. exd5 exd5 10. Nf3 cxd4 11. Nexd4 Nxd4 12. Nxd4 Bd6 13. O-O Ne7 14. Re1 Qc7
15. Qh5 O-O-O 16. Be3 g6 17. Qh4 Nf5 18. Bxf5 gxf5 19. Bg5 Rdg8 20. Be7 Bf4 21.
Qf6 Bxh2+ 22. Kh1 h5 23. Nxf5 Rh7 24. Bc5 Kb7 25. Ne7 Rg4 26. Bxb6 Qxb6 27.
Qxb6+ Kxb6 28. Nxd5+ Kc5 29. Nf6 Rh4 30. Nxd7+ Kc6 31. g3 Bxg3+ 32. Kg2 Bd6 33.
Nf6 Rg7+ 34. Kf1 Rh3 35. Rad1 Rh1+ 36. Ke2 Rxe1+ 37. Rxe1 Rg6 38. Nxh5 Bc5 39.
Ng3 Kb5 40. Rh1 Rf6 41. Ne4 Re6 42. Kd3 Bb6 43. Rh5+ Kc6 44. Rf5 f6 45. Rxf6
Rxf6 46. Nxf6 Bxf2 47. Kc4 Be3 48. a4 Bc1 49. b4 axb4 50. cxb4 Bd2 51. Nd5 Be1
52. a5 Kb7 53. Kb5 Ka7 54. Ne7 Kb7 55. Nc6 Bd2 56. Nd8+ Ka7 57. Ka4 Be1 58. b5
Bf2 59. Nc6+ Kb7 60. Nb4 Be1 61. b6 Bf2 62. Kb5 Bh4 63. a6+ Kc8 64. b7+ 1-0

[Event "12. Süder Sommerpokal"]
[Site "Recklinghausen"]
[Date "2001.08.04"]
[Round "1"]
[White "Herud, Martin"]
[Black "Bakhmatov, Eduard"]
[Result "0-1"]
[WhiteElo "1800"]
[BlackElo "2276"]
[PlyCount "58"]
[EventDate "2001.08.04"]

1. e4 d5 2. exd5 Qxd5 3. Nc3 Qa5 4. d4 Nf6 5. Bc4 c6 6. Bd2 Qc7 7. Qe2 g6 8.
Nf3 Bg7 9. O-O-O O-O 10. Kb1 b5 11. Bb3 Bg4 12. h3 Bxf3 13. Qxf3 Nbd7 14. Bf4
Qb6 15. Rhe1 e6 16. Be5 Nxe5 17. dxe5 Nd5 18. Nxd5 cxd5 19. h4 a5 20. c3 a4 21.
Bc2 b4 22. Qe3 Qxe3 23. Rxe3 bxc3 24. bxc3 Rfc8 25. Rd4 Rab8+ 26. Kc1 a3 27.
Rb4 Rxb4 28. cxb4 Bh6 29. b5 d4 0-1

[Event "12. Süder Sommerpokal"]
[Site "Recklinghausen"]
[Date "2001.08.04"]
[Round "1"]
[White "Wilde, Pierre"]
[Black "Matrisch, Gerd"]
[Result "1-0"]
[WhiteElo "2272"]
[BlackElo "1799"]
[PlyCount "53"]
[EventDate "2001.08.04"]

1. c4 d5 2. cxd5 Nf6 3. e4 e6 4. dxe6 Bxe6 5. Nc3 Bc5 6. Nf3 O-O 7. d4 Bb4 8.
Bg5 h6 9. Bxf6 Qxf6 10. Bd3 Nc6 11. a3 Ba5 12. e5 Qe7 13. h3 Rad8 14. O-O Kh8
15. Qa4 Bb6 16. d5 g6 17. Be4 Nxe5 18. dxe6 Nxf3+ 19. Bxf3 Rd4 20. Qc2 fxe6 21.
Qxg6 Rf6 22. Qh5 Qg7 23. Ne4 Rf5 24. Qg4 Qe5 25. Rad1 Rf4 26. Qg6 Rfxe4 27.
Rxd4 1-0

[Event "12. Süder Sommerpokal"]
[Site "Recklinghausen"]
[Date "2001.08.04"]
[Round "1"]
[White "Otto, Michael"]
[Black "Genkin, Michael"]
[Result "0-1"]
[WhiteElo "1796"]
[BlackElo "2266"]
[PlyCount "84"]
[EventDate "2001.08.04"]

1. e4 c5 2. Nf3 d6 3. d4 cxd4 4. Nxd4 Nf6 5. Nc3 a6 6. Be2 e6 7. Be3 Be7 8. O-O
Qc7 9. Kh1 Nbd7 10. Nb3 O-O 11. f4 b5 12. a3 Bb7 13. Bf3 Rfd8 14. g4 d5 15. e5
Ne4 16. Bd4 Rac8 17. Rc1 Nb6 18. Qe1 Nxc3 19. Bxc3 Nc4 20. Bg2 Rd7 21. Bd4 a5
22. Bc3 b4 23. axb4 Bxb4 24. Bxb4 axb4 25. Qxb4 Nxb2 26. Nd4 Nc4 27. Rf3 h6 28.
Rb3 Qd8 29. Kg1 Na5 30. Rh3 Nc6 31. Nxc6 Bxc6 32. Qd2 d4 33. Rd3 Bb5 34. Rh3
Qb6 35. Kh1 Qc5 36. Be4 Bc6 37. Bxc6 Qxc6+ 38. Kg1 Qe4 39. Rd3 Rc4 40. Kf2 Rdc7
41. Kg1 R7c5 42. Qf2 Qxd3 0-1

[Event "12. Süder Sommerpokal"]
[Site "Recklinghausen"]
[Date "2001.08.04"]
[Round "1"]
[White "Servaty, Rudolf"]
[Black "Stepa, Rainer"]
[Result "0-1"]
[WhiteElo "2255"]
[BlackElo "1793"]
[PlyCount "130"]
[EventDate "2001.08.04"]

1. d4 d5 2. c4 e6 3. Nc3 Nf6 4. Bg5 Be7 5. e3 Nbd7 6. Nf3 O-O 7. cxd5 exd5 8.
Bd3 h6 9. Bh4 c6 10. O-O Nh7 11. Bg3 Ng5 12. Rc1 Nxf3+ 13. Qxf3 Nf6 14. h3 Nh7
15. Qe2 Bd6 16. Qc2 f5 17. Ne2 Ng5 18. Bxd6 Qxd6 19. Qc5 Rf6 20. Qxd6 Rxd6 21.
f3 Bd7 22. Kf2 Re8 23. h4 Nh7 24. h5 Rde6 25. Bxf5 Rxe3 26. Bxh7+ Kxh7 27. Nf4
Kg8 28. Rc3 Rxc3 29. bxc3 Kf7 30. g4 Ke7 31. Ng6+ Kd8 32. Ne5 c5 33. Rb1 cxd4
34. cxd4 b6 35. Kg3 Re6 36. f4 Be8 37. Rh1 b5 38. g5 b4 39. Kg4 a5 40. f5 Rb6
41. gxh6 Rxh6 42. Ng6 Kc7 43. Re1 Bd7 44. Re7 Kd6 45. Re5 a4 46. Nf8 b3 47.
axb3 axb3 48. Re3 Ba4 49. Re2 Rh8 50. Re6+ Kc7 51. Re7+ Kb6 52. Ng6 Rg8 53. Nf4
Bc6 54. Re3 Ba4 55. Nxd5+ Kb5 56. Rc3 Rd8 57. Rc5+ Ka6 58. Nc3 Rxd4+ 59. Kg5 b2
60. h6 gxh6+ 61. Kxh6 Rd3 62. Nb1 Rd1 63. Na3 Ra1 64. Rc3 Rxa3 65. Rxa3 Kb5 0-1

[Event "12. Süder Sommerpokal"]
[Site "Recklinghausen"]
[Date "2001.08.04"]
[Round "1"]
[White "Lauche, Christoph"]
[Black "Pirs, Matjaz"]
[Result "1-0"]
[WhiteElo "1785"]
[BlackElo "2248"]
[PlyCount "77"]
[EventDate "2001.08.04"]

1. e4 c5 2. b4 cxb4 3. a3 bxa3 4. Nxa3 d5 5. exd5 Qxd5 6. Nf3 Bd7 7. d4 e6 8.
c3 Bd6 9. Nc4 Bc7 10. Be2 Bc6 11. O-O Ne7 12. Ne3 Qd7 13. Qc2 f6 14. Ba3 Kf7
15. c4 Bxf3 16. Bxf3 Nbc6 17. d5 exd5 18. Bxd5+ Nxd5 19. cxd5 Nd4 20. Qa2 Bb6
21. Rfe1 Rhe8 22. d6+ Qe6 23. Qb1 g6 24. Qd3 Qb3 25. Qxb3+ Nxb3 26. Rab1 Na5
27. Nd5 Nc6 28. Kf1 Re5 29. Rbd1 Bd8 30. f4 Rxe1+ 31. Rxe1 a5 32. d7 a4 33. Re8
Ra5 34. Rf8+ Kg7 35. Nb4 Nxb4 36. Rxd8 Nc6 37. Rc8 Rd5 38. Rc7 Kh6 39. Rxb7 1-0

[Event "12. Süder Sommerpokal"]
[Site "Recklinghausen"]
[Date "2001.08.04"]
[Round "1"]
[White "Zaragatski, Ilja"]
[Black "Bömelburg, Jürgen"]
[Result "1-0"]
[WhiteElo "2248"]
[BlackElo "1778"]
[PlyCount "71"]
[EventDate "2001.08.04"]

1. e4 e5 2. Nf3 Nc6 3. Bb5 a6 4. Ba4 d6 5. Bxc6+ bxc6 6. d4 f6 7. Nh4 Ne7 8.
O-O Be6 9. dxe5 dxe5 10. Qf3 Qc8 11. h3 Rg8 12. Qh5+ g6 13. Qxh7 g5 14. Nf5
Bxf5 15. exf5 Qxf5 16. Qh5+ Ng6 17. Nc3 Rh8 18. Qg4 Qxg4 19. hxg4 Rh4 20. Ne4
Kf7 21. g3 Rh7 22. Be3 Be7 23. Kg2 Rd8 24. Rfd1 Rd5 25. c4 Rxd1 26. Rxd1 Nf8
27. Rd3 Ne6 28. Rd7 Rh8 29. Bc5 Re8 30. b3 Kf8 31. Bxe7+ Rxe7 32. Nxf6 Nc5 33.
Nh7+ Ke8 34. Rxe7+ Kxe7 35. Nxg5 Nd3 36. Ne4 1-0

[Event "12. Süder Sommerpokal"]
[Site "Recklinghausen"]
[Date "2001.08.04"]
[Round "1"]
[White "Hebestreit, Andreas"]
[Black "Hoefker, Mathias"]
[Result "0-1"]
[WhiteElo "1776"]
[BlackElo "2241"]
[PlyCount "86"]
[EventDate "2001.08.04"]

1. d4 d5 2. Nf3 Nf6 3. c4 e6 4. g3 c5 5. Bg2 Nc6 6. O-O Be7 7. cxd5 exd5 8.
dxc5 Bxc5 9. Nc3 O-O 10. b3 a6 11. Bb2 Re8 12. Na4 Ba7 13. Rc1 Bg4 14. h3 Bh5
15. g4 Bg6 16. Nc5 Ne4 17. Nxe4 dxe4 18. Ne1 Qg5 19. Rc4 Rad8 20. Qc2 Nd4 21.
Bxd4 Bxd4 22. e3 Ba7 23. Bxe4 b5 24. Nf3 Qf6 25. g5 Qd6 26. Bxg6 bxc4 27. Bxh7+
Kh8 28. g6 f6 29. Qxc4 Qd5 30. Qh4 Qe4 31. Qg3 Bb8 32. Qg2 Rd5 33. h4 Ba7 34.
Qh3 Rf5 35. Nd4 Bxd4 36. exd4 Rf4 37. f3 Qxd4+ 38. Kg2 Qe5 39. Qg3 Rd4 40. Rf2
Qe1 41. Kh3 Qh1+ 42. Rh2 Qf1+ 43. Rg2 Rd2 0-1

[Event "12. Süder Sommerpokal"]
[Site "Recklinghausen"]
[Date "2001.08.04"]
[Round "1"]
[White "Eismont, Igor"]
[Black "Bergmann, Josef"]
[Result "1-0"]
[WhiteElo "2238"]
[BlackElo "1774"]
[PlyCount "69"]
[EventDate "2001.08.04"]

1. d4 f5 2. Nf3 Nf6 3. g3 e6 4. Bg2 d5 5. O-O Bd6 6. b3 Qe7 7. Bb2 Nbd7 8. c4
c6 9. Nc3 O-O 10. e3 Ne4 11. Ne2 g5 12. Ne5 Qg7 13. f3 Nxe5 14. dxe5 Nc5 15.
Bd4 Be7 16. Rc1 b6 17. b4 Na6 18. cxd5 cxd5 19. a3 Bb7 20. Qa4 Rf7 21. f4 h6
22. Qd7 Bxb4 23. Qxe6 Nc5 24. Bxc5 Bxc5 25. Nd4 Kf8 26. Bxd5 Re8 27. Qxf7+ Qxf7
28. Bxf7 Kxf7 29. Nxf5 Kg6 30. Rxc5 bxc5 31. Nd6 Re7 32. f5+ Kh5 33. f6 Rxe5
34. f7 Rxe3 35. Nxb7 1-0

[Event "12. Süder Sommerpokal"]
[Site "Recklinghausen"]
[Date "2001.08.04"]
[Round "1"]
[White "Deinert, Wolfgang"]
[Black "Kartsev, Soel"]
[Result "0-1"]
[WhiteElo "1771"]
[BlackElo "2236"]
[PlyCount "84"]
[EventDate "2001.08.04"]

1. e4 d5 2. exd5 Nf6 3. Nc3 g6 4. d4 Bg7 5. Bb5+ Nbd7 6. Nf3 O-O 7. O-O Nb6 8.
Re1 a6 9. Bd3 Nbxd5 10. Nxd5 Nxd5 11. c3 b5 12. a3 Bb7 13. Ne5 Rc8 14. Ng4 c5
15. dxc5 Rxc5 16. Nh6+ Kh8 17. Qf3 Qc7 18. Be4 f5 19. Bxd5 Rxd5 20. Bg5 e5 21.
Rad1 Rd2 22. Qh3 Rxb2 23. Bd8 Qc5 24. Rf1 Bd5 25. Be7 Qxe7 26. Rxd5 Qg5 27. f4
exf4 28. Rd7 Bxh6 29. Qf3 Bg7 30. Qb7 Rd8 31. Rxg7 Qxg2+ 32. Qxg2 Rxg2+ 33.
Kxg2 Kxg7 34. Rxf4 Rd3 35. a4 Rxc3 36. axb5 axb5 37. Rb4 Rc5 38. Kg3 Kf6 39. h4
h6 40. Kh3 Ke5 41. Kg3 Kd5 42. Kh3 Rc3+ 0-1

[Event "12. Süder Sommerpokal"]
[Site "Recklinghausen"]
[Date "2001.08.04"]
[Round "1"]
[White "Woller, Rainer"]
[Black "Günnewig, Hans-Norbert"]
[Result "1/2-1/2"]
[WhiteElo "2234"]
[BlackElo "1759"]
[PlyCount "78"]
[EventDate "2001.08.04"]

1. Nf3 Nf6 2. c4 g6 3. Nc3 Bg7 4. g3 O-O 5. Bg2 d6 6. O-O e5 7. d4 Nbd7 8. Qc2
Re8 9. Rd1 exd4 10. Nxd4 c6 11. b3 Qb6 12. Bb2 Nc5 13. h3 Nfd7 14. Rab1 Ne5 15.
a3 a5 16. Ba1 Ned3 17. Rxd3 Nxd3 18. Na4 Qd8 19. Qxd3 Bd7 20. Nc3 Qe7 21. Rd1
Rad8 22. e3 f5 23. Nde2 Bc8 24. Na4 Bxa1 25. Rxa1 Be6 26. Nd4 Qf6 27. Rb1 Bf7
28. Nb6 Re7 29. Qd2 d5 30. c5 g5 31. Qxa5 f4 32. Qd2 fxe3 33. fxe3 Qe5 34. Kf2
h5 35. Qd3 Rf8 36. Nf3 Qf6 37. Rh1 Bg6 38. Qd4 g4 39. hxg4 hxg4 1/2-1/2